The meaning of things : (Record no. 353867)

000 -LEADER
fixed length control field 02656nam a2200313 a 4500
001 - CONTROL NUMBER
control field ASIN052128774X
003 - CONTROL NUMBER IDENTIFIER
control field OSt
005 - DATE AND TIME OF LATEST TRANSACTION
control field 20180116192420.0
008 - FIXED-LENGTH DATA ELEMENTS--GENERAL INFORMATION
fixed length control field 140128s1981 xxu eng d
020 ## - INTERNATIONAL STANDARD BOOK NUMBER
International Standard Book Number 052128774X (paperback)
Terms of availability $66.00
020 ## - INTERNATIONAL STANDARD BOOK NUMBER
International Standard Book Number 9780521287746 (paperback)
040 ## - CATALOGING SOURCE
Transcribing agency sada
050 04 - LIBRARY OF CONGRESS CALL NUMBER
Classification number BF458
082 04 - DEWEY DECIMAL CLASSIFICATION NUMBER
Classification number 155.2
100 1# - MAIN ENTRY--PERSONAL NAME
Personal name Csikszentmihalyi, Mihaly.
9 (RLIN) 7212
245 14 - TITLE STATEMENT
Title The meaning of things :
Remainder of title domestic symbols and the self /
Statement of responsibility, etc. Mihaly Csikszentmihalyi, Eugene Halton.
260 ## - PUBLICATION, DISTRIBUTION, ETC.
Place of publication, distribution, etc. [S.l.] :
Name of publisher, distributor, etc. Cambridge University Press,
Date of publication, distribution, etc. 1981.
300 ## - PHYSICAL DESCRIPTION
Extent 304 p. ;
Dimensions 23 cm.
520 ## - SUMMARY, ETC.
Summary, etc. The meaning of things is a study of the significance of material possessions in contemporary urban life, and of the ways people carve meaning out of their domestic environment. Drawing on a survey of eighty families in Chicago who were interviewed on the subject of their feelings about common household objects, Mihaly Csikszentmihalyi and Eugene Rochberg-Halton provide a unique perspective on materialism, American culture, and the self. They begin by reviewing what social scientists and philosophers have said about the transactions between people and things. In the model of 'personhood' that the authors develop, goal-directed action and the cultivation of meaning through signs assume central importance. They then relate theoretical issues to the results of their survey. An important finding is the distinction between objects valued for action and those valued for contemplation. The authors compare families who have warm emotional attachments to their homes with those in which a common set of positive meanings is lacking, and interpret the different patterns of involvement. They then trace the cultivation of meaning in case studies of four families. Finally, the authors address what they describe as the current crisis of environmental and material exploitation, and suggest that human capacities for the creation and redirection of meaning offer the only hope for survival. A wide range of scholars - urban and family sociologists, clinical, developmental and environmental psychologists, cultural anthropologists and philosophers, and many general readers - will find this book stimulating and compelling.
650 #0 - SUBJECT ADDED ENTRY--TOPICAL TERM
Topical term or geographic name entry element Dwellings--Psychological aspects
9 (RLIN) 7213
650 #0 - SUBJECT ADDED ENTRY--TOPICAL TERM
Topical term or geographic name entry element Environmental psychology
9 (RLIN) 7214
650 #0 - SUBJECT ADDED ENTRY--TOPICAL TERM
Topical term or geographic name entry element Families
9 (RLIN) 7215
650 #0 - SUBJECT ADDED ENTRY--TOPICAL TERM
Topical term or geographic name entry element House furnishings--Psychological aspects
9 (RLIN) 7216
650 #0 - SUBJECT ADDED ENTRY--TOPICAL TERM
Topical term or geographic name entry element Self
9 (RLIN) 7217
650 #0 - SUBJECT ADDED ENTRY--TOPICAL TERM
Topical term or geographic name entry element Symbolism (Psychology)
9 (RLIN) 7218
700 1# - ADDED ENTRY--PERSONAL NAME
Personal name Halton, Eugene.
9 (RLIN) 7219
856 40 - ELECTRONIC LOCATION AND ACCESS
Materials specified Amazon.com
Uniform Resource Identifier <a href="http://www.amazon.com/exec/obidos/ASIN/052128774X/chopaconline-20">http://www.amazon.com/exec/obidos/ASIN/052128774X/chopaconline-20</a>
942 ## - ADDED ENTRY ELEMENTS (KOHA)
Source of classification or shelving scheme
Koha item type Book
Holdings
Withdrawn status Lost status Source of classification or shelving scheme Damaged status Not for loan Permanent Location Current Location Date acquired Total Checkouts Total Renewals Full call number Barcode Date last seen Date last checked out Cost, replacement price Price effective from Koha item type
          School of Art Design and Architecture (SADA) School of Art Design and Architecture (SADA) 01/15/2014 5 1 155.2 CSI 1981 SADA0002188 04/23/2025 03/27/2025 4936.40 01/28/2014 Book
© 2023 Central Library, National University of Sciences and Technology. All Rights Reserved.